00546nam a2200181 a 45000010005000000030009000050080041000140400028000550820014000831000016000972450041001132600053001543000023002074900036002306500026002666500044002926500028003369080CO-ViMGA141112s2004 ck r 000 u spa d aCO-ViMGAbspacCO-ViMGA04a121 L62e11 aLocke, John10aEnsayo sobre el entendimiento humano aBogotá, cFondo de Cultura Económica, c1994 aviii, 753 p, 21 cm aSeleccion de obras de filosofia14aCONOCIMIENTO - TEORIA14aEPISTEMOLOGIA - TEORIA DEL CONOCIMIENTO14aTEORIA DEL CONOCIMIENTO